书目信息 |
| 题名: |
高等应用数学基础
|
|
| 作者: | 李先明 主编 | |
| 分册: | ||
| 出版信息: | 北京 中国水利水电出版社 2009.06 |
|
| 页数: | 276页 | |
| 开本: | 26cm | |
| 丛书名: | ||
| 单 册: | ||
| 中图分类: | O29 | |
| 科图分类: | ||
| 主题词: | 应用数学 , 数学--应用 | |
| 电子资源: | ||
| ISBN: | 978-7-5084-6400-8 | |
| 000 | 00687nam0 2200229 450 | |
| 001 | 1133783719 | |
| 005 | 20111228092359.71 | |
| 010 | @a978-7-5084-6400-8@dCNY29.00 | |
| 100 | @a20111228d2009 km y0chiy0120 ea | |
| 101 | 0 | @achi |
| 102 | @aCN@b110000 | |
| 105 | @ay z 000yy | |
| 200 | 1 | @a高等应用数学基础@Agao deng ying yong shu xue ji chu@f李先明主编@Fli xian ming zhu bian |
| 210 | @a北京@c中国水利水电出版社@d2009.06 | |
| 215 | @a276页@d26cm | |
| 300 | @a21世纪高职高专规划教材 | |
| 606 | 0 | @a应用数学 |
| 606 | 0 | @a数学@x应用 |
| 690 | @aO29@v4 | |
| 701 | 0 | @a李先明@Ali xian ming@4主编 |
| 801 | 0 | @aCN@b大连网信软件有限公司图书馆·11@c20111228 |
| 905 | @aZUCC@dO29@eL294@f2 | |
| 高等应用数学基础/李先明主编.-北京:中国水利水电出版社,2009.06 |
| 276页;26cm |
| 21世纪高职高专规划教材 |
| ISBN 978-7-5084-6400-8:CNY29.00 |
| ● |
| 相关链接 |
|
|
|
正题名:高等应用数学基础
索取号:O29/L294
 
预约/预借
| 序号 | 登录号 | 条形码 | 馆藏地/架位号 | 状态 | 备注 |
| 1 | 1182269 | 211822697 | 自科库401/401自科库 50排3列4层/ [索取号:O29/L294] | 在馆 | |
| 2 | 1182270 | 211822704 | 自科库401/401自科库 50排3列4层/ [索取号:O29/L294] | 在馆 |